000 00526nam a2200157Ia 4500
008 230907s9999||||xx |||||||||||||| ||und||
082 _a620
_bDAN
100 _aHafiz Danish Bilal (00000276113)
_9116773
245 0 _aExperimental Investigation of Off-Grid Solar Thermal Water Heating System Integrated with Thermal Energy Storage /
260 _aUSPCAS-E, NUST,
_bIslamabad :
_c2022
300 _axiii, 60 p.
520 _aTH-439
650 _aMS-TEE Thesis MS Thesis
700 _aDr Majid Ali
_929033
942 _cTHE
_2ddc
999 _c602117
_d602117